Statistics for NBA: 10-Year Vets (2019)

Click here to take the quiz!

General Stats

  • This quiz has been taken 186 times
  • The average score is 41 of 87

Answer Stats

TeamPlayerSeasons% Correct
Los Angeles LakersLeBron James16
93%
Atlanta HawksVince Carter21
86%
Golden State WarriorsStephen Curry10
82%
Miami HeatDwayne Wade16
78%
Oklahoma City ThunderRussell Westbrook11
78%
Cleveland CavaliersKevin Love11
77%
Golden State WarriorsKevin Durant12
74%
Dallas MavericksDirk Nowitzki21
73%
Boston CelticsAl Horford12
72%
Houston RocketsChris Paul14
72%
Washington WizardsDwight Howard15
72%
Memphis GrizzliesMarc Gasol11
72%
San Antonio SpursPau Gasol18
72%
Houston RocketsJames Harden10
70%
Milwaukee BucksBrook Lopez11
69%
Chicago BullsRobin Lopez11
69%
Toronto RaptorsDanny Green10
67%
Houston RocketsGerald Green12
67%
Washington WizardsJeff Green11
67%
Toronto RaptorsKyle Lowry13
67%
Philadelphia 76ersJ.J. Redick13
66%
Los Angeles ClippersLou Williams14
66%
Charlotte HornetsMarvin Williams14
66%
Memphis GrizzliesMike Conley12
66%
Miami HeatUdonis Haslem16
64%
Charlotte HornetsTony Parker18
63%
Golden State WarriorsAndre Iguodala15
62%
Minnesota TimberwolvesDerrick Rose10
61%
San Antonio SpursLaMarcus Aldridge13
61%
Los Angeles LakersRajon Rondo13
61%
Philadelphia 76ersAmir Johnson14
59%
Houston RocketsCarmelo Anthony16
59%
San Antonio SpursDeMar DeRozan10
59%
Miami HeatJames Johnson10
59%
Toronto RaptorsSerge Ibaka10
57%
Milwaukee BucksJason Smith11
56%
Cleveland CavaliersJ.R. Smith15
56%
New Orleans PelicansJrue Holiday10
56%
Los Angeles LakersTyson Chandler18
54%
Philadelphia 76ersWilson Chandler11
54%
Miami HeatGoran Dragic11
53%
Los Angeles LakersJaVale McGee11
51%
Denver NuggetsPaul Millsap13
51%
Sacramento KingsZach Randolph18
50%
Dallas MavericksDeAndre Jordan11
49%
Los Angeles ClippersMacin Gortat12
49%
Dallas MavericksDevin Harris15
47%
Houston RocketsEric Gordon11
45%
Minnesota TimberwolvesJeff Teague10
45%
Utah JazzKyle Korver16
45%
Phoenix SunsJamal Crawford19
44%
Washington WizardsTrevor Ariza15
42%
Houston RocketsNenê17
40%
Golden State WarriorsShaun Livingston14
39%
Indiana PacersDarren Collison10
38%
Charlotte HornetsNicolas Batum11
38%
Milwaukee BucksGeorge Hill11
37%
Indiana PacersThaddeus Young12
36%
Minnesota TimberwolvesTaj Gibson10
35%
Los Angeles ClippersDanilo Gallinari10
34%
Memphis GrizzliesJoakim Noah12
33%
San Antonio SpursRudy Gay13
33%
Orlando MagicD.J. Augustin11
32%
Dallas MavericksJ.J. Barea13
32%
Milwaukee BucksErsan Ilyasova11
30%
Minnesota TimberwolvesLuol Deng15
30%
Dallas MavericksWesley Matthews10
30%
Brooklyn NetsJared Dudley12
27%
Phoenix SunsRyan Anderson11
26%
Indiana PacersTyreke Evans10
25%
Cleveland CavaliersChanning Frye13
24%
Detroit PistonsZaza Pachulia16
24%
New York KnicksCourtney Lee11
22%
Brooklyn NetsDeMarre Carroll10
22%
Los Angeles LakersMichael Beasley11
22%
Oklahoma City ThunderRaymond Felton14
22%
Detroit PistonsJose Calderon14
20%
San Antonio SpursMarco Belinelli12
20%
Toronto RaptorsC.J. Miles14
16%
Utah JazzThabo Sefolosha13
16%
Sacramento KingsKosta Koufos11
14%
Miami HeatWayne Ellington10
14%
Minnesota TimberwolvesAnthony Tolliver11
13%
Los Angeles ClippersLuc Mbah a Moute11
13%
Minnesota TimberwolvesJerryd Bayless11
12%
Washington WizardsIan Mahinmi11
11%
Memphis GrizzliesOmri Casspi10
6%

Score Distribution

Percentile by Number Answered

Percent of People with Each Score

Your Score History

You have not taken this quiz